00412nam a2200157Ia 4500008004100000020001800041245003700059245004800096260001300144260003000157260000900187300001500196300002500211300001000236500000800246170705s9999 xx 000 0 und d a9780395912157 aCurious George and the puppies / cby Margaret Rey ; illustrated by H. A. Rey. aBoston : bHoughton Mifflin Company, c1977 a23 pages : bcolor illustration ; c20cm. a550